Hướng dẫn thiết kế lắp đặt điện theo tiêu chuẩn quốc tế IEC = Electric installation guide according to IEC International standards
Nội dung đề cập nhiều vấn đề rất rộng trong lĩnh vực lắp đặt trang thiết bị điện, phương pháp tính toán, thiết kế các sơ đồ cấp điện đảm bảo yêu cầu về tin cậy, bảo vệ chống bị điện giật và bảo vệ chống các hư hỏng....
Сохранить в:
| Главный автор: | |
|---|---|
| Формат: | |
| Язык: | Undetermined |
| Опубликовано: |
Hà Nội
Khoa học và Kỹ thuật
2002
|
| Предметы: | |
| Метки: |
Добавить метку
Нет меток, Требуется 1-ая метка записи!
|
| Thư viện lưu trữ: | Trung tâm Học liệu Trường Đại học Cần Thơ |
|---|
| LEADER | 01190nam a2200241Ia 4500 | ||
|---|---|---|---|
| 001 | CTU_57883 | ||
| 008 | 210402s9999 xx 000 0 und d | ||
| 020 | |c 65000 | ||
| 082 | |a 621.3192 | ||
| 082 | |b S358 | ||
| 100 | |a Schneider, Electric S. A. | ||
| 245 | 0 | |a Hướng dẫn thiết kế lắp đặt điện theo tiêu chuẩn quốc tế IEC = | |
| 245 | 0 | |b Electric installation guide according to IEC International standards | |
| 245 | 0 | |c Schneider Electric ; Phan Thị Thanh Bình dịch | |
| 260 | |a Hà Nội | ||
| 260 | |b Khoa học và Kỹ thuật | ||
| 260 | |c 2002 | ||
| 520 | |a Nội dung đề cập nhiều vấn đề rất rộng trong lĩnh vực lắp đặt trang thiết bị điện, phương pháp tính toán, thiết kế các sơ đồ cấp điện đảm bảo yêu cầu về tin cậy, bảo vệ chống bị điện giật và bảo vệ chống các hư hỏng. | ||
| 650 | |a Electric engineering | ||
| 650 | |x Equipment and supplies | ||
| 904 | |a Hạ Nguyên | ||
| 904 | |i Trọng Hải | ||
| 980 | |a Trung tâm Học liệu Trường Đại học Cần Thơ | ||